20 Biggest Countries in a Random Order - Statistics

General Stats
  • This quiz has been taken 415 times
  • The average score is 17 of 20
Answer Stats
Country % Correct
United States
98%
Canada
97%
Russia
97%
Australia
95%
China
95%
Brazil
94%
Argentina
91%
India
91%
Algeria
89%
Mexico
89%
Indonesia
88%
Kazakhstan
87%
DR Congo
86%
Mongolia
85%
Iran
83%
Saudi Arabia
83%
Libya
75%
Sudan
75%
Chad
70%
Peru
66%
No matching quizzes found
Score Distribution
Percent of People with Each Score
Percentile by Number Answered
Your Score History
You have not taken this quiz